Welcome to CU Library Online Public Access Catalogue (OPAC)

Contracts : (Record no. 2349)

MARC details
000 -LEADER
fixed length control field 00690cam a22002174a 4500
001 - CONTROL NUMBER
control field 4520263
005 - DATE AND TIME OF LATEST TRANSACTION
control field 20241216202741.0
008 - FIXED-LENGTH DATA ELEMENTS--GENERAL INFORMATION
fixed length control field 990105s1999 mdua 001 0 eng
020 ## - INTERNATIONAL STANDARD BOOK NUMBER
International Standard Book Number 0735502536
050 00 - LIBRARY OF CONGRESS CALL NUMBER
Classification number KF801.A7
Item number B35 1999
082 00 - DEWEY DECIMAL CLASSIFICATION NUMBER
Classification number 346.7302
Edition information 21
100 1# - MAIN ENTRY--PERSONAL NAME
Personal name Barnett, Randy E.
245 10 - TITLE STATEMENT
Title Contracts :
Remainder of title cases and doctrine /
Statement of responsibility, etc. Randy E. Barnett.
250 ## - EDITION STATEMENT
Edition statement 2nd ed.
260 ## - PUBLICATION, DISTRIBUTION, ETC.
Place of publication, distribution, etc. Gaithersburg :
Name of publisher, distributor, etc. Aspen Law & Business,
Date of publication, distribution, etc. c1999.
300 ## - PHYSICAL DESCRIPTION
Extent xxxix, 1283 p. :
Other physical details ill. ;
Dimensions 25 cm.
500 ## - GENERAL NOTE
General note Accompanied by Teachers's manual, which also covers Perspectives on contract law.
500 ## - GENERAL NOTE
General note Includes index.
650 #0 - SUBJECT ADDED ENTRY--TOPICAL TERM
Topical term or geographic name entry element Contracts
Geographic subdivision United States
General subdivision Cases.
942 ## - ADDED ENTRY ELEMENTS (KOHA)
Source of classification or shelving scheme Library of Congress Classification
Koha item type Books
Suppress in OPAC No
999 ## -
-- 2349
-- 2349
Holdings
Withdrawn status Lost status Source of classification or shelving scheme Damaged status Not for loan Collection Home library Current library Shelving location Date acquired Total checkouts Full call number Barcode Date last seen Copy number Price effective from Koha item type
    Library of Congress Classification     Non-fiction Law Library (Christ Temple) Law Library (Christ Temple) General stacks 12/16/2024   KF810.A7B35 BAR llct00000155 12/16/2024 1 12/16/2024 Books
© 2023-2024 Copyright: Central University Libraries. All Rights Reserved | Created by: Mahone Tech Office